| 000 | 01216nam a2200325 a 4500 | ||
|---|---|---|---|
| 001 | 000112218 | ||
| 003 | CHAP | ||
| 005 | 20220329144251.0 | ||
| 008 | 160115s2015 mx sm |||||||spa d | ||
| 010 | _a108679 | ||
| 011 | _a109651 | ||
| 040 | _cCHAP | ||
| 090 | _aTesis | ||
| 100 | 1 |
_aGutierrez Flores, Nataly _9125951 |
|
| 245 | 1 | 0 |
_aPobreza en San Pablo Xochimehuacán y San Felipe Hueyotlipan, municipio de Puebla, Puebla una visión desde los actores _h[En línea] _cpor Nataly Gutierrez Flores. |
| 260 |
_aChapingo, Méx. : _bEl autor, _c2015. |
||
| 500 | _aPara ver el contenido del material haga clic en la liga | ||
| 502 | _aTesis (M. C. en Sociología Rural ) -- UACH. Departamento de Sociología Rural | ||
| 590 |
_aE11695DGD _b10 _c20160125 _lUCH01 _h1052 |
||
| 590 |
_aE5765TAJ _b05 _c20160115 _lUCH01 _h1149 |
||
| 590 |
_aE5765TAJ _b05 _c20160115 _lUCH01 _h1149 |
||
| 650 | 1 | 4 |
_aCostos y nivel de vida _xPuebla. _928541 |
| 650 | 1 | 4 |
_aPobreza _zPuebla. _9130400 |
| 650 | 1 | 4 |
_aPuebla _xCondiciones económicas. _992870 |
| 650 | 1 | 4 |
_aPuebla _xCondiciones sociales. _992872 |
| 856 |
_aFinding aid _uhttp://10.13.5.2/tesis/sist112218.pdf _zTeclea aquí |
||
| 901 | _aBK | ||
| 942 | _cTESIS | ||
| 942 | _n0 | ||
| 999 |
_c108679 _d108679 |
||